000 004880000a22001570004500
041 0 _aSPA
082 0 4 _aG 268.13 B8553m
245 1 0 _aManual del maestro de los diez grados básicos del desarrollo cristiano / William R. Bright, Editor
260 _a[S.L] : Cruzada Estudiantil y Profesional para Cristo de América
300 _a533 Pag
001 7835
942 _cBK
999 _c38039
_d38039
336 _atexto
_btxt
_2rdacontent
337 _2rdamedia
_asin mediación
_bn
338 _2rdacarrier
_avolumen
_bnc